[Event "Madrid ch 2009 - Semifinal B"]
[Site "Madrid ESP"]
[Date "2009.01.30"]
[Round "6.8"]
[White "Nieto De La Cruz, Julio"]
[Black "Sotnikov, Taras"]
[Result "1-0"]
[WhiteElo "2059"]
[BlackElo "1925"]
[PlyCount "123"]
[EventDate "2009.01.15"]
[EventType "swiss"]
[EventRounds "9"]
[EventCountry "ESP"]
[Source "lmi"]
[SourceDate "2009.01.15"]

1. d4 f5 2. e4 fxe4 3. Nc3 Nf6 4. Bg5 c6 5. Bxf6 exf6 6. Nxe4 Qb6 7. Qh5+ g6 8.
Nxf6+ Kd8 9. Qd1 Qxb2 10. Be2 Qc3+ 11. Kf1 Bg7 12. Ne4 Qxd4 13. Qxd4 Bxd4 14.
Rd1 Bg7 15. Nf3 Kc7 16. Nd6 Bf8 17. Ne8+ Kd8 18. Nf6 Be7 19. Ne4 Kc7 20. c4 Na6
21. g3 d6 22. Kg2 Bf5 23. Neg5 Rae8 24. Rd2 h6 25. Nh3 Nc5 26. Nf4 Ne4 27. Rd3
Rhf8 28. Nd4 Nc5 29. Nxf5 Rxf5 30. Re3 Rf6 31. Nxg6 Rxg6 32. Bh5 Rgg8 33. Rhe1
Kd8 34. Bxe8 Rxe8 35. f4 Nd7 36. g4 Nf6 37. Kg3 d5 38. cxd5 cxd5 39. Kf3 Kd7
40. Rd1 Kd6 41. Re5 Bf8 42. Rdxd5+ Nxd5 43. Rxe8 Bg7 44. Rg8 Bf6 45. Rg6 Ke7
46. Rxh6 Bg7 47. Rh5 Nc3 48. a3 b5 49. Rc5 Kd6 50. Rg5 Bf8 51. Rg8 Ke7 52. Rg6
Kf7 53. Ra6 Bc5 54. Rc6 Na4 55. g5 a5 56. Ra6 b4 57. axb4 Bxb4 58. f5 Nc3 59.
g6+ Kg7 60. Ra7+ Kh6 61. h4 Be7 62. Rxe7 1-0

[Event "Madrid ch 2009 - Semifinal B"]
[Site "Madrid ESP"]
[Date "2009.01.30"]
[Round "6.9"]
[White "Martin Duque, Jesus"]
[Black "Vazquez Gonzalez, Jesus"]
[Result "0-1"]
[WhiteElo "1757"]
[BlackElo "2044"]
[PlyCount "68"]
[EventDate "2009.01.15"]
[EventType "swiss"]
[EventRounds "9"]
[EventCountry "ESP"]
[Source "lmi"]
[SourceDate "2009.01.15"]

1. e4 g6 2. d4 Bg7 3. Nc3 c5 4. Be3 Qa5 5. Nf3 Nc6 6. a3 Nf6 7. Qd2 cxd4 8.
Nxd4 Nxd4 9. Qxd4 O-O 10. Qd2 Ng4 11. Bd4 Bh6 12. Qd1 e5 13. b4 Qd8 14. Bc5 d6
15. Qxd6 Qg5 16. h3 b6 17. hxg4 bxc5 18. Rxh6 Qxh6 19. Nd5 Qg5 20. Bc4 Kg7 21.
Nc7 Rd8 22. Qxc5 Bxg4 23. Bd5 Rac8 24. Qxa7 Rd7 25. Ne8+ Rxe8 26. Qc5 Qh6 27.
Qc3 Qh1+ 28. Kd2 Qxg2 29. Qe3 Rc8 30. b5 Rxd5+ 31. exd5 Qxd5+ 32. Qd3 Qc5 33.
Rf1 Bf5 34. Qb3 Qd4+ 0-1

[Event "Madrid ch 2009 - Semifinal B"]
[Site "Madrid ESP"]
[Date "2009.01.30"]
[Round "6.10"]
[White "Suarez Uriel, Adrian"]
[Black "Alonso Aranzabal, Iñigo"]
[Result "1-0"]
[WhiteElo "2160"]
[BlackElo "2082"]
[PlyCount "95"]
[EventDate "2009.01.15"]
[EventType "swiss"]
[EventRounds "9"]
[EventCountry "ESP"]
[Source "lmi"]
[SourceDate "2009.01.15"]

1. e4 e5 2. Nf3 Nc6 3. Bb5 a6 4. Ba4 Nf6 5. O-O Be7 6. Re1 b5 7. Bb3 O-O 8. a4
b4 9. d3 d6 10. Nbd2 Na5 11. Ba2 c5 12. Nf1 Rb8 13. Ng3 g6 14. h3 b3 15. cxb3
Nc6 16. Bb1 Be6 17. Bc2 Qb6 18. Nd2 a5 19. Nc4 Qc7 20. Bd2 Rb7 21. Ne2 Ne8 22.
Rf1 f5 23. f4 Nf6 24. Bc3 Nh5 25. Qd2 Bd8 26. Rac1 exf4 27. Nxf4 Nxf4 28. Qxf4
Bxc4 29. dxc4 g5 30. Qd2 f4 31. Qd5+ Rf7 32. Bd1 Ne7 33. Qxg5+ Ng6 34. Qd5 Bh4
35. Bg4 Kf8 36. Be6 Re7 37. Bf5 Rf7 38. Be6 Re7 39. Rcd1 Rxb3 40. Qxd6 Rb7 41.
Qxc7 Rexc7 42. Bxa5 Re7 43. Rd8+ Kg7 44. Bc3+ Kh6 45. Rd6 Bg3 46. Rc6 Ra7 47.
a5 Ra8 48. Bd5 1-0

[Event "Madrid ch 2009 - Semifinal B"]
[Site "Madrid ESP"]
[Date "2009.01.30"]
[Round "6.11"]
[White "Martin Martin, Luis Vicente"]
[Black "Garcia Serrano, Jose Manuel"]
[Result "1/2-1/2"]
[WhiteElo "2085"]
[BlackElo "1887"]
[PlyCount "88"]
[EventDate "2009.01.15"]
[EventType "swiss"]
[EventRounds "9"]
[EventCountry "ESP"]
[Source "lmi"]
[SourceDate "2009.01.15"]

1. d4 Nf6 2. Bf4 d5 3. Nf3 Nc6 4. e3 a6 5. h3 Bf5 6. c3 e6 7. Nbd2 Be7 8. Be2
O-O 9. O-O h6 10. Bh2 Bd6 11. Ne5 Nd7 12. Nxd7 Bxh2+ 13. Kxh2 Qxd7 14. f4 b5
15. Nb3 Nd8 16. Nc5 Qc8 17. a4 Nb7 18. axb5 Nxc5 19. dxc5 axb5 20. Bxb5 Qb7 21.
Rxa8 Rxa8 22. Bd3 Bxd3 23. Qxd3 Qxb2 24. e4 Ra3 25. exd5 Rxc3 26. Qa6 exd5 27.
Qa8+ Kh7 28. Qxd5 Rc2 29. Qe4+ Kg8 30. Rd1 Rd2 31. Rxd2 Qxd2 32. Qe8+ Kh7 33.
Qxf7 Qd8 34. Kg3 Qd3+ 35. Kh2 Qd8 36. Kg3 Qd3+ 37. Kh4 Qd8+ 38. Kh5 Qd1+ 39. g4
Qf3 40. Qf5+ Kg8 41. h4 Qc6 42. g5 Qf3+ 43. Kg6 Qc6+ 44. Kh5 Qf3+ 1/2-1/2

[Event "Madrid ch 2009 - Semifinal B"]
[Site "Madrid ESP"]
[Date "2009.01.30"]
[Round "6.12"]
[White "Ferreiro Calvo, Manuel"]
[Black "Collado Barbas, Laura"]
[Result "0-1"]
[WhiteElo "2041"]
[BlackElo "2046"]
[PlyCount "70"]
[EventDate "2009.01.15"]
[EventType "swiss"]
[EventRounds "9"]
[EventCountry "ESP"]
[Source "lmi"]
[SourceDate "2009.01.15"]

1. Nf3 d5 2. d4 c6 3. Bf4 Nf6 4. e3 Bg4 5. Nbd2 e6 6. Bd3 Bd6 7. Bxd6 Qxd6 8.
h3 Bxf3 9. Nxf3 Nbd7 10. O-O O-O 11. c4 dxc4 12. Bxc4 Nb6 13. Bb3 Rfd8 14. Qe2
a5 15. Rac1 a4 16. Bc2 a3 17. b3 Nbd5 18. Bb1 Nb4 19. Ne5 b6 20. Rfd1 c5 21.
Nc4 Qb8 22. dxc5 bxc5 23. Rxd8+ Qxd8 24. Rd1 Qc7 25. Qd2 Kf8 26. e4 Ke7 27. e5
Nfd5 28. Bxh7 Nxa2 29. Qxa2 Nc3 30. Qa1 Nxd1 31. Qxd1 a2 32. Qa1 g6 33. Ne3 Qb6
34. Nc2 Qxb3 35. Qd1 Qb1 0-1

[Event "Madrid ch 2009 - Semifinal B"]
[Site "Madrid ESP"]
[Date "2009.01.30"]
[Round "6.13"]
[White "Lozano Sanchez, Jose Antonio"]
[Black "Martin Mazuelo, Miguel Angel"]
[Result "0-1"]
[WhiteElo "1958"]
[BlackElo "1983"]
[PlyCount "96"]
[EventDate "2009.01.15"]
[EventType "swiss"]
[EventRounds "9"]
[EventCountry "ESP"]
[Source "lmi"]
[SourceDate "2009.01.15"]

1. e4 c5 2. Nf3 e6 3. Bc4 a6 4. a4 Nc6 5. Nc3 d6 6. d3 Nf6 7. Bf4 Be7 8. h3 b6
9. O-O Bb7 10. e5 Nxe5 11. Nxe5 dxe5 12. Bxe5 Qd7 13. Qd2 Qc6 14. f3 Rd8 15.
Rfe1 O-O 16. Re2 Ne8 17. Ne4 b5 18. Ba2 c4 19. d4 f6 20. Bg3 e5 21. Bf2 Nc7 22.
Ng3 Rfe8 23. Rae1 Ne6 24. c3 Ng5 25. Be3 Nf7 26. axb5 axb5 27. Bb1 g6 28. Qc2
b4 29. dxe5 Nxe5 30. Bd4 Bc5 31. Bxc5 Qxc5+ 32. Kf1 b3 33. Qc1 Bc6 34. Ne4 Bxe4
35. Rxe4 Re7 36. Qf4 Kg7 37. Rd4 Red7 38. Red1 Qa7 39. Rxd7+ Rxd7 40. Rxd7+
Qxd7 41. Qc1 f5 42. Ke1 Qa7 43. Qg5 Qg1+ 44. Ke2 Qxb1 45. f4 Qxb2+ 46. Kf1 Qc1+
47. Ke2 b2 48. Qd8 Qc2+ 0-1

[Event "Madrid ch 2009 - Semifinal B"]
[Site "Madrid ESP"]
[Date "2009.01.31"]
[Round "7.1"]
[White "Ramírez García, Jorge Alberto"]
[Black "Peñalosa Pinilla, Jesus"]
[Result "1-0"]
[WhiteElo "2234"]
[BlackElo "2228"]
[PlyCount "61"]
[EventDate "2009.01.15"]
[EventType "swiss"]
[EventRounds "9"]
[EventCountry "ESP"]
[Source "lmi"]
[SourceDate "2009.01.15"]

1. e4 d6 2. d4 Nf6 3. Nc3 Nbd7 4. Bc4 e5 5. Nf3 Be7 6. O-O O-O 7. Re1 c6 8. a4
a5 9. Ba2 h6 10. h3 Re8 11. Be3 Bf8 12. dxe5 dxe5 13. Qe2 Nc5 14. Bxc5 Bxc5 15.
Bxf7+ Kxf7 16. Qc4+ Kf8 17. Qxc5+ Qe7 18. Qxe7+ Rxe7 19. Rad1 Bd7 20. Rd6 Rae8
21. Red1 Bc8 22. Kf1 Rd7 23. Ke2 Rxd6 24. Rxd6 Ke7 25. Rd1 Nd7 26. Ke3 Ke6 27.
b3 Rf8 28. Nh4 Nc5 29. Nf5 Kf7 30. Nd6+ Ke6 31. Nc4 1-0

[Event "Madrid ch 2009 - Semifinal B"]
[Site "Madrid ESP"]
[Date "2009.01.31"]
[Round "7.3"]
[White "Vazquez Torres, Adrian"]
[Black "Lopez de Turiso, Jose Angel"]
[Result "1-0"]
[WhiteElo "2065"]
[BlackElo "2079"]
[PlyCount "57"]
[EventDate "2009.01.15"]
[EventType "swiss"]
[EventRounds "9"]
[EventCountry "ESP"]
[Source "lmi"]
[SourceDate "2009.01.15"]

1. e4 e6 2. d3 c5 3. Nf3 Nc6 4. Nbd2 Nf6 5. g3 Be7 6. Bg2 d5 7. O-O b5 8. Re1
Bb7 9. e5 Nd7 10. Nf1 Qc7 11. Bf4 h6 12. Qe2 g5 13. Bc1 g4 14. Nh4 Qxe5 15. Qd1
Qg7 16. Ne3 Bxh4 17. Nf5 Qg8 18. Nd6+ Kf8 19. gxh4 Ba6 20. Bf4 e5 21. Bxd5 exf4
22. Bxc6 Rd8 23. Qe2 Nf6 24. Nf5 Qg6 25. Qe7+ Kg8 26. Qxd8+ Kh7 27. Qe7 Bc8 28.
Nd6 Kg7 29. Qe5 1-0

[Event "Madrid ch 2009 - Semifinal B"]
[Site "Madrid ESP"]
[Date "2009.01.31"]
[Round "7.4"]
[White "Montañes Arribas, Adrian"]
[Black "Martinez De Miguel, Pedro"]
[Result "0-1"]
[WhiteElo "2046"]
[BlackElo "2156"]
[PlyCount "140"]
[EventDate "2009.01.15"]
[EventType "swiss"]
[EventRounds "9"]
[EventCountry "ESP"]
[Source "lmi"]
[SourceDate "2009.01.15"]

1. e4 c5 2. Nf3 d6 3. d4 cxd4 4. Nxd4 Nf6 5. Nc3 a6 6. f4 Qc7 7. Qf3 Nc6 8. Be3
e6 9. O-O-O Bd7 10. g4 Nxd4 11. Rxd4 Bc6 12. g5 Nd7 13. Rd1 b5 14. Bd3 Nc5 15.
Kb1 Nxd3 16. cxd3 Be7 17. Ne2 Rc8 18. Nd4 O-O 19. h4 d5 20. e5 Bd7 21. Nb3 Qc2+
22. Ka1 b4 23. Bc5 Bxc5 24. Rd2 Bb6 25. Rxc2 Rxc2 26. Rc1 Rfc8 27. Kb1 Rf2 28.
Qg3 Rxc1+ 29. Kxc1 Bb5 30. d4 Re2 31. Nc5 g6 32. Qb3 Bxc5 33. dxc5 Re4 34. Qf3
Rc4+ 35. Kd2 Rxc5 36. h5 gxh5 37. Qxh5 Rc4 38. Qf3 Re4 39. a3 bxa3 40. bxa3 Kg7
41. f5 Be2 42. f6+ Kg6 43. Qh3 Bh5 44. Qg3 a5 45. Qc3 a4 46. Qc8 Kxg5 47. Qb8
Kf5 48. Kc3 Bg6 49. Qd6 h5 50. Qb6 Kxe5 51. Qf2 h4 52. Kd2 Bf5 53. Qh2+ Kxf6
54. Qb8 Bg6 55. Qb2+ Kg5 56. Qb6 Bf5 57. Qg1+ Bg4 58. Qb6 h3 59. Qd8+ f6 60.
Qg8+ Kf4 61. Qb8+ Kf3 62. Qh2 f5 63. Kd1 Re2 64. Qh1+ Kg3 65. Kc1 Bf3 66. Qg1+
Bg2 67. Qb6 h2 68. Qc7+ f4 69. Qg7+ Kf3 70. Qc3+ Re3 0-1

[Event "Madrid ch 2009 - Semifinal B"]
[Site "Madrid ESP"]
[Date "2009.01.31"]
[Round "7.5"]
[White "Vazquez Gonzalez, Jesus"]
[Black "Nieto De La Cruz, Julio"]
[Result "0-1"]
[WhiteElo "2044"]
[BlackElo "2059"]
[PlyCount "42"]
[EventDate "2009.01.15"]
[EventType "swiss"]
[EventRounds "9"]
[EventCountry "ESP"]
[Source "lmi"]
[SourceDate "2009.01.15"]

1. Nc3 c5 2. Nf3 Nc6 3. e4 g6 4. g3 Bg7 5. Bg2 Nf6 6. O-O h5 7. d3 d6 8. Nh4
Rb8 9. f4 Bg4 10. Qd2 Qc8 11. Qf2 Nh7 12. e5 dxe5 13. fxe5 Nxe5 14. Bf4 O-O 15.
Rae1 Nc6 16. Bxc6 Qxc6 17. Bxb8 Bd4 18. Re3 Ng5 19. Qg2 Bxe3+ 20. Kh1 Qd7 21.
Re1 Bh3 0-1

[Event "Madrid ch 2009 - Semifinal B"]
[Site "Madrid ESP"]
[Date "2009.01.31"]
[Round "7.6"]
[White "Castejon Caballero, Andres"]
[Black "Suarez Uriel, Adrian"]
[Result "1-0"]
[WhiteElo "2089"]
[BlackElo "2160"]
[PlyCount "79"]
[EventDate "2009.01.15"]
[EventType "swiss"]
[EventRounds "9"]
[EventCountry "ESP"]
[Source "lmi"]
[SourceDate "2009.01.15"]

1. e4 c5 2. Nf3 Nc6 3. d4 cxd4 4. Nxd4 e5 5. Nb5 d6 6. N1c3 a6 7. Na3 b5 8. Nd5
Nge7 9. c3 Nxd5 10. exd5 Ne7 11. c4 bxc4 12. Nxc4 Nf5 13. Bd3 Be7 14. O-O O-O
15. f4 g6 16. a4 Qc7 17. b4 Rb8 18. Ba3 e4 19. Be2 Qa7+ 20. Kh1 Ne3 21. Nxe3
Qxe3 22. b5 axb5 23. Bxb5 f5 24. Qc1 Qa7 25. Rb1 Ba6 26. Rb3 Rb6 27. Qe3 Rfb8
28. Bb2 Qb7 29. Bd4 Bxb5 30. Rfb1 Qxd5 31. Bxb6 Bxa4 32. Rb4 Bc2 33. Bd4 Rxb4
34. Rxb4 Kf7 35. Qc3 Bf6 36. Qxc2 Bxd4 37. Qd1 Qc5 38. Rxd4 Ke6 39. h3 e3 40.
Qb3+ 1-0

[Event "Madrid ch 2009 - Semifinal B"]
[Site "Madrid ESP"]
[Date "2009.01.31"]
[Round "7.7"]
[White "Sanchez Garcia, Aurelio"]
[Black "Cabañas Bravo, Juan Andres"]
[Result "1/2-1/2"]
[WhiteElo "2126"]
[BlackElo "2073"]
[PlyCount "41"]
[EventDate "2009.01.15"]
[EventType "swiss"]
[EventRounds "9"]
[EventCountry "ESP"]
[Source "lmi"]
[SourceDate "2009.01.15"]

1. Nf3 Nf6 2. c4 g6 3. g3 Bg7 4. Bg2 O-O 5. O-O d5 6. cxd5 Nxd5 7. d4 Na6 8. e4
Nb6 9. Nc3 c5 10. d5 c4 11. Be3 f5 12. Nd2 fxe4 13. Bxb6 axb6 14. Nxc4 Nc5 15.
Nxe4 Nxe4 16. Bxe4 b5 17. Ne3 Bxb2 18. Rb1 Bg7 19. Rxb5 Rxa2 20. d6 Ra6 21.
dxe7 1/2-1/2

[Event "Madrid ch 2009 - Semifinal B"]
[Site "Madrid ESP"]
[Date "2009.01.31"]
[Round "7.8"]
[White "Martin Prieto, Oscar"]
[Black "Rojas Pozo, Jose Luis"]
[Result "1-0"]
[WhiteElo "2118"]
[BlackElo "1914"]
[PlyCount "61"]
[EventDate "2009.01.15"]
[EventType "swiss"]
[EventRounds "9"]
[EventCountry "ESP"]
[Source "lmi"]
[SourceDate "2009.01.15"]

1. e4 c6 2. d4 d5 3. exd5 cxd5 4. c4 Nf6 5. Nc3 e6 6. Nf3 Be7 7. Bd3 dxc4 8.
Bxc4 O-O 9. O-O Nc6 10. Re1 Nb4 11. Bg5 Nbd5 12. Qb3 Nb6 13. Bd3 Re8 14. Rad1
Nfd5 15. Bc1 Bd7 16. Ne5 Nf6 17. Nxd7 Nfxd7 18. Ne4 Nf6 19. Nc5 Qc7 20. Bb5
Nfd7 21. Nxe6 fxe6 22. Rxe6 Kf8 23. Rde1 Bf6 24. g3 a6 25. Bf4 Rxe6 26. Qxe6
Ne5 27. dxe5 Qe7 28. exf6 Qxe6 29. Rxe6 axb5 30. fxg7+ Kxg7 31. Rxb6 1-0

[Event "Madrid ch 2009 - Semifinal B"]
[Site "Madrid ESP"]
[Date "2009.01.31"]
[Round "7.9"]
[White "Sotnikov, Taras"]
[Black "Garcia Salamero, Gabriel"]
[Result "1-0"]
[WhiteElo "1925"]
[BlackElo "2027"]
[PlyCount "49"]
[EventDate "2009.01.15"]
[EventType "swiss"]
[EventRounds "9"]
[EventCountry "ESP"]
[Source "lmi"]
[SourceDate "2009.01.15"]

1. e4 c5 2. c3 e6 3. d4 d5 4. exd5 Qxd5 5. Nf3 cxd4 6. cxd4 Nf6 7. Nc3 Bb4 8.
Bd3 Nc6 9. O-O Bxc3 10. bxc3 O-O 11. Bg5 Nd7 12. Re1 Nb6 13. Bf4 f5 14. h4 Qd8
15. Bg5 Qc7 16. Rc1 Nd5 17. c4 Nf4 18. d5 Nxd3 19. Qxd3 Nb8 20. dxe6 Nc6 21. e7
Re8 22. Qd5+ Kh8 23. Rcd1 Nb8 24. Qf7 Bd7 25. Qf8+ 1-0

[Event "Madrid ch 2009 - Semifinal B"]
[Site "Madrid ESP"]
[Date "2009.01.31"]
[Round "7.10"]
[White "Collado Barbas, Laura"]
[Black "Martin Martin, Luis Vicente"]
[Result "1/2-1/2"]
[WhiteElo "2046"]
[BlackElo "2085"]
[PlyCount "92"]
[EventDate "2009.01.15"]
[EventType "swiss"]
[EventRounds "9"]
[EventCountry "ESP"]
[Source "lmi"]
[SourceDate "2009.01.15"]

1. d4 Nf6 2. c4 e5 3. dxe5 Ne4 4. Nf3 Bb4+ 5. Bd2 Nxd2 6. Nbxd2 Nc6 7. a3 Bxd2+
8. Qxd2 Qe7 9. Qc3 b6 10. e3 Bb7 11. Bd3 O-O-O 12. Rc1 g5 13. h3 h5 14. Be4 g4
15. Nd4 Qxe5 16. Bxc6 Bxc6 17. Nxc6 Qxc3+ 18. Rxc3 dxc6 19. hxg4 hxg4 20. Rxh8
Rxh8 21. Rd3 Rh2 22. g3 Rh1+ 23. Ke2 Rb1 24. Rd2 c5 25. e4 Rc1 26. b3 Rc3 27.
Rd3 Rc2+ 28. Ke3 c6 29. Kf4 Rxf2+ 30. Kxg4 b5 31. cxb5 cxb5 32. Rc3 Kd7 33.
Rxc5 a6 34. b4 Ke6 35. Rc6+ Ke5 36. Rxa6 Kxe4 37. Ra5 f5+ 38. Kh3 f4 39. gxf4
Kxf4 40. Rxb5 Rf3+ 41. Kg2 Rxa3 42. Rc5 Ra2+ 43. Kh3 Rb2 44. b5 Ke4 45. Kg3 Kd4
46. Rf5 Kc4 1/2-1/2

[Event "Madrid ch 2009 - Semifinal B"]
[Site "Madrid ESP"]
[Date "2009.01.31"]
[Round "7.11"]
[White "Garcia Serrano, Jose Manuel"]
[Black "Alonso Aranzabal, Iñigo"]
[Result "1-0"]
[WhiteElo "1887"]
[BlackElo "2082"]
[PlyCount "87"]
[EventDate "2009.01.15"]
[EventType "swiss"]
[EventRounds "9"]
[EventCountry "ESP"]
[Source "lmi"]
[SourceDate "2009.01.15"]

1. e4 e5 2. f4 Bc5 3. Nf3 d6 4. Bc4 Nf6 5. Qe2 Qe7 6. Nc3 Nc6 7. Nd5 Nxd5 8.
exd5 Na5 9. Bb5+ c6 10. dxc6 bxc6 11. c3 cxb5 12. Qxb5+ Bd7 13. Qxa5 exf4+ 14.
Kd1 O-O 15. Re1 Qf6 16. d4 Bb6 17. Qg5 Qxg5 18. Nxg5 h6 19. Ne4 d5 20. Nc5 Bg4+
21. Kc2 Bf5+ 22. Kb3 g5 23. Re5 Bg4 24. Bd2 Rfe8 25. Rxe8+ Rxe8 26. Re1 Rxe1
27. Bxe1 Bc7 28. Kb4 h5 29. Kb5 f3 30. g3 Be6 31. Ka6 h4 32. Kxa7 Bc8 33. b4
hxg3 34. hxg3 f5 35. b5 f4 36. gxf4 g4 37. b6 Bxf4 38. b7 Bxb7 39. Kxb7 g3 40.
Nd3 f2 41. Bxf2 gxf2 42. Nxf2 Bd2 43. Nd1 Kf7 44. a4 1-0

[Event "Madrid ch 2009 - Semifinal B"]
[Site "Madrid ESP"]
[Date "2009.01.31"]
[Round "7.12"]
[White "Martin Mazuelo, Miguel Angel"]
[Black "Martin Duque, Jesus"]
[Result "1/2-1/2"]
[WhiteElo "1983"]
[BlackElo "1757"]
[PlyCount "94"]
[EventDate "2009.01.15"]
[EventType "swiss"]
[EventRounds "9"]
[EventCountry "ESP"]
[Source "lmi"]
[SourceDate "2009.01.15"]

1. e4 e6 2. d3 d5 3. Nd2 Nf6 4. c3 c5 5. Ngf3 Nc6 6. Be2 Be7 7. O-O O-O 8. Qc2
b6 9. Re1 Bb7 10. Nf1 Qc7 11. Bg5 dxe4 12. dxe4 h6 13. Bh4 Rad8 14. a3 a5 15.
N1d2 Ne5 16. Nxe5 Qxe5 17. Bg3 Bxe4 18. Qb3 Qd5 19. Qxd5 Bxd5 20. Bc7 Rd7 21.
Bf4 g5 22. Be3 Rfd8 23. Bb5 Rc7 24. f4 Ng4 25. fxg5 Nxe3 26. Rxe3 Bxg5 27. Rg3
Kf8 28. Nf3 Bxf3 29. Rxf3 Rd2 30. b3 e5 31. Re1 Re7 32. Bc6 Kg7 33. g3 Re6 34.
Be4 Rf6 35. Rxf6 Bxf6 36. Rf1 Re2 37. Bd5 e4 38. Rf4 e3 39. Rg4+ Kf8 40. Rf4
Ke7 41. Re4+ Kf8 42. Rf4 Kg7 43. Rg4+ Bg5 44. Re4 Rd2 45. Bc4 Rd1+ 46. Kg2 Rd2+
47. Kg1 Rd1+ 1/2-1/2

[Event "Madrid ch 2009 - Semifinal B"]
[Site "Madrid ESP"]
[Date "2009.01.31"]
[Round "7.13"]
[White "Lozano Sanchez, Jose Antonio"]
[Black "Ferreiro Calvo, Manuel"]
[Result "1-0"]
[WhiteElo "1958"]
[BlackElo "2041"]
[PlyCount "165"]
[EventDate "2009.01.15"]
[EventType "swiss"]
[EventRounds "9"]
[EventCountry "ESP"]
[Source "lmi"]
[SourceDate "2009.01.15"]

1. e4 d5 2. exd5 Qxd5 3. Qf3 Nf6 4. Nc3 Qe6+ 5. Qe3 c6 6. d4 g6 7. Nf3 Bg7 8.
Qxe6 Bxe6 9. Bd3 O-O 10. Ng5 Bf5 11. Bxf5 gxf5 12. Ne2 Nbd7 13. c3 Nb6 14. Nf3
Rac8 15. Ne5 Nfd5 16. Nf4 Rfd8 17. Nxd5 Nxd5 18. Nf3 Rd6 19. Bd2 c5 20. dxc5
Rxc5 21. O-O Rc4 22. Rac1 Ra4 23. a3 Nb6 24. Be3 Nc8 25. Rfd1 Raa6 26. Bc5
Rxd1+ 27. Rxd1 Rc6 28. Bb4 Bf6 29. Nd4 Bxd4 30. Rxd4 b6 31. c4 a5 32. Rd8+ Kg7
33. Bc3+ f6 34. b3 a4 35. bxa4 Rxc4 36. Rd3 Nd6 37. Kf1 Ne4 38. Bd4 Rc1+ 39.
Ke2 Rb1 40. f3 Nd6 41. Rc3 f4 42. Kd2 Nf5 43. Kc2 Rh1 44. Bxb6 Rxh2 45. a5
Rxg2+ 46. Kb3 Kf7 47. Rd3 Nd6 48. Bc7 Ke6 49. Bxd6 exd6 50. a6 Rg7 51. Kb4 Kd7
52. a7 Rg8 53. Kb5 Kc7 54. Ka6 d5 55. Rc3+ Kd6 56. Kb7 d4 57. Rc6+ Kd5 58. Rc8
Rg7+ 59. Rc7 Rg8 60. Rxh7 d3 61. a8=Q Rxa8 62. Kxa8 Kd4 63. a4 Ke3 64. Rd7 d2
65. a5 Ke2 66. a6 d1=Q 67. Rxd1 Kxd1 68. a7 Ke2 69. Kb8 Kxf3 70. a8=Q+ Ke3 71.
Qa3+ Ke2 72. Qb2+ Ke3 73. Qc3+ Ke2 74. Qc4+ Ke3 75. Qf1 f3 76. Kc7 f5 77. Kd6
f4 78. Ke5 f2 79. Kf5 Kf3 80. Ke5 Ke3 81. Kd5 Kf3 82. Kd4 Kg3 83. Ke4 1-0

[Event "Madrid ch 2009 - Semifinal B"]
[Site "Madrid ESP"]
[Date "2009.02.06"]
[Round "8.2"]
[White "Peñalosa Pinilla, Jesus"]
[Black "Nieto De La Cruz, Julio"]
[Result "0-1"]
[WhiteElo "2228"]
[BlackElo "2059"]
[PlyCount "60"]
[EventDate "2009.01.15"]
[EventType "swiss"]
[EventRounds "9"]
[EventCountry "ESP"]
[Source "lmi"]
[SourceDate "2009.01.15"]

1. Nf3 c5 2. e4 d6 3. d3 Nc6 4. g3 g6 5. Bg2 Bg7 6. O-O e5 7. c3 Nge7 8. a3 O-O
9. b4 b6 10. Nbd2 h6 11. Re1 Be6 12. Bb2 f5 13. exf5 gxf5 14. b5 Na5 15. c4 Ng6
16. Nb3 Nxb3 17. Qxb3 h5 18. h4 Bf6 19. a4 f4 20. a5 Bxh4 21. gxh4 Nxh4 22.
axb6 Nxf3+ 23. Bxf3 Bh3 24. Bd5+ Kh8 25. Bxe5+ dxe5 26. Rxe5 Rg8+ 27. Bg2 Rxg2+
28. Kh1 Qh4 29. Qc3 Rg1+ 30. Kh2 Qxf2+ 0-1

[Event "Madrid ch 2009 - Semifinal B"]
[Site "Madrid ESP"]
[Date "2009.02.06"]
[Round "8.3"]
[White "Adan Bermudez, Sergio"]
[Black "Vazquez Torres, Adrian"]
[Result "1/2-1/2"]
[WhiteElo "2295"]
[BlackElo "2065"]
[PlyCount "130"]
[EventDate "2009.01.15"]
[EventType "swiss"]
[EventRounds "9"]
[EventCountry "ESP"]
[Source "lmi"]
[SourceDate "2009.01.15"]

1. c4 e6 2. Nf3 Nf6 3. g3 d5 4. b3 d4 5. Bb2 c5 6. b4 Nc6 7. b5 Ne7 8. e3 Nf5
9. Bg2 Bd6 10. exd4 Nxd4 11. O-O e5 12. Nxe5 O-O 13. Nf3 Bg4 14. Bxd4 cxd4 15.
d3 a6 16. Nbd2 axb5 17. cxb5 Nd5 18. Qb3 Bb4 19. Nxd4 Bxd2 20. Bxd5 Bh3 21.
Rfd1 Ra3 22. Qc4 Bc3 23. Nc2 Bxa1 24. Nxa3 Qf6 25. Qh4 Qxh4 26. gxh4 Bd4 27.
Nc2 Rd8 28. Bxb7 Bb6 29. Bc6 Be6 30. Ne3 Bxa2 31. Ra1 Be6 32. Ra6 Rb8 33. Nc2
Kf8 34. d4 Bb3 35. Na1 Bc4 36. d5 Bc5 37. Ra5 Ke7 38. Nc2 Kd6 39. Ra1 Rb6 40.
Ne3 Bxe3 41. fxe3 Bxb5 42. Bxb5 Rxb5 43. Ra7 Kxd5 44. Rxf7 Ke4 45. Kf2 Rb2+ 46.
Kg3 Kxe3 47. Rxg7 Ke4 48. Rg5 h6 49. Ra5 Rd2 50. Kg4 Rd5 51. Ra4+ Ke5 52. Kh5
Rd6 53. Rg4 Kf5 54. Rg2 Rf6 55. Re2 Re6 56. Rf2+ Ke5 57. Rf8 Rf6 58. Re8+ Kf5
59. Ra8 Kf4 60. h3 Kf5 61. Ra1 Ke6 62. Ra7 Kf5 63. Rg7 Re6 64. Rd7 Rf6 65. Rd2
Ke6 1/2-1/2

[Event "Madrid ch 2009 - Semifinal B"]
[Site "Madrid ESP"]
[Date "2009.02.06"]
[Round "8.4"]
[White "Martinez De Miguel, Pedro"]
[Black "Martin Prieto, Oscar"]
[Result "1-0"]
[WhiteElo "2156"]
[BlackElo "2118"]
[PlyCount "121"]
[EventDate "2009.01.15"]
[EventType "swiss"]
[EventRounds "9"]
[EventCountry "ESP"]
[Source "lmi"]
[SourceDate "2009.01.15"]

1. e4 e5 2. Nf3 d6 3. Nc3 c5 4. Bc4 Be7 5. d3 Nc6 6. h3 Na5 7. Bb5+ Bd7 8. a4
Nf6 9. Bg5 O-O 10. Bxf6 Bxf6 11. Bxd7 Qxd7 12. Nd5 Bd8 13. g4 Nc6 14. c3 Ba5
15. Nd2 Ne7 16. Qb3 Ng6 17. Nc4 Bd8 18. Qb5 Qc6 19. O-O-O a6 20. Qxc6 bxc6 21.
Nde3 Bc7 22. Nf5 Rad8 23. h4 Rfe8 24. Nce3 Nf4 25. Kc2 d5 26. b3 Kf8 27. g5 Ba5
28. Ng3 Rd7 29. Ng4 Rb7 30. Rb1 Bc7 31. Nf5 Nh5 32. Rb2 Reb8 33. Re1 d4 34. c4
Nf4 35. Rh1 Nh5 36. Ng3 Nxg3 37. fxg3 Re8 38. Rbb1 Bd8 39. Rbf1 Re6 40. Rf5
Rbe7 41. Rb1 h6 42. gxh6 gxh6 43. Nf6 Kg7 44. Rbf1 Rb7 45. Ng4 Rg6 46. Nxe5
Rxg3 47. Rxf7+ Rxf7 48. Rxf7+ Kg8 49. h5 Rg2+ 50. Kd1 Ba5 51. Rf5 Bc3 52. Nxc6
Rd2+ 53. Kc1 Rxd3 54. Ne7+ Kg7 55. Rxc5 Bb4 56. Nf5+ Kf6 57. Rd5 Rc3+ 58. Kb2
d3 59. Ne3 d2 60. Nc2 Rg3 61. Nxb4 1-0

[Event "Madrid ch 2009 - Semifinal B"]
[Site "Madrid ESP"]
[Date "2009.02.06"]
[Round "8.5"]
[White "Lopez de Turiso, Jose Angel"]
[Black "Castejon Caballero, Andres"]
[Result "1/2-1/2"]
[WhiteElo "2079"]
[BlackElo "2089"]
[PlyCount "69"]
[EventDate "2009.01.15"]
[EventType "swiss"]
[EventRounds "9"]
[EventCountry "ESP"]
[Source "lmi"]
[SourceDate "2009.01.15"]

1. d4 Nf6 2. c4 g6 3. Nc3 d5 4. Nf3 Bg7 5. Bg5 Ne4 6. Bf4 Nxc3 7. bxc3 c5 8. e3
O-O 9. Rb1 Nc6 10. Qa4 cxd4 11. cxd4 Re8 12. cxd5 Qxd5 13. Bc4 Qa5+ 14. Qxa5
Nxa5 15. Bd5 e6 16. Be4 a6 17. Bc7 f5 18. Bd3 Nc6 19. Rb6 Bf8 20. O-O Bb4 21.
Rb1 Re7 22. R6xb4 Rxc7 23. Rb6 a5 24. a3 a4 25. Rc1 Re7 26. Bb5 Ra5 27. Bxc6
bxc6 28. Rb8 Rc7 29. Rc5 Raa7 30. Ne5 Rab7 31. Nxc6 Rxc6 32. Rxc8+ Rxc8 33.
Rxc8+ Kg7 34. g3 Rb3 35. h4 1/2-1/2